Analýza a hodnotenie vývoja hospodárnosti výroby v podniku ZŤS Bardejov záverečná práca postgraduálneho štúdia

Gespeichert in:
Bibliographische Detailangaben
1. Verfasser: Halža, Dušan
Körperschaft: Vysoká škola ekonomická v Bratislave
Weitere Verfasser: Zalai, Karol
Format: Buch
Sprache:Slowakisch
Veröffentlicht: Bratislava 1989
Tags: Tag hinzufügen
Keine Tags, Fügen Sie das erste Tag hinzu!

MARC

LEADER 00000nam a2200000 4500
001 c036564
005 20230116090929.8
041 0 |a slo 
044 |a SK 
245 1 0 |a Analýza a hodnotenie vývoja hospodárnosti výroby v podniku ZŤS Bardejov  |b záverečná práca postgraduálneho štúdia  |c Dušan Halža ; Ved. práce Karol Zalai 
264 1 |a Bratislava  |c 1989 
300 |a 46 s. 
100 1 |a Halža, Dušan 
700 1 |a Zalai, Karol 
710 2 |a Vysoká škola ekonomická v Bratislave